Magic: The Gathering (MTG) Pioneer Ban List - Statistics

General Stats
  • This quiz has been taken 339 times
    31 since last reset
  • The average score is 22 of 29
Answer Stats
Year Banned Card Description Answer % Correct
2019 if you have 7 lands with different names, landfall gives you zombies Field of the Dead
94%
2019 planeswalker that can turn artifacts and creatures into elks Oko, Thief of Crowns
94%
2019 if it's your first spell it's free. look at top 5 cards and choose a creature or land Once Upon a Time
89%
2019 gain protection from U and B spells, spells can't be countered, draw a card if they played a U or B spell Veil of Summer
89%
2020 remove a +1/+1 counter from this creature to do 1 damage to anything Walking Ballista
89%
2019 RG fetch land Wooded Foothills
89%
2021 creature that makes target player reveals cards from their deck until they reveal a land, and then puts all revealed cards in their graveyard Balustrade Spy
83%
2022 look at the top 3 cards: put 1 in hand, exile one to cast this turn, put 1 on bottom of deck Expressive Iteration
83%
2019 WU fetch land Flooded Strand
83%
2022 companion that wants your deck to have 2 cmc or less permanents. can cast cards from the graveyard Lurrus of the Dream-Den
83%
2020 cards in your graveyard all get escape by exiling 3 cards from your graveyard Underworld Breach
83%
2019 WG fetch land Windswept Heath
83%
2019 BR fetch land Blood-Stained Mire
78%
2020 exile your deck, your graveyard becomes your deck Inverter of Truth
78%
2019 take an extra turn and shuffle this spell into your deck Nexus of Fate
78%
2019 UB fetch land Polluted Delta
78%
2024 a planeswalker that can put any vampire into play from your hand. Sorin, Imperious Bloodlord
78%
2021 planeswalker that makes opponents have to cast spells at sorcery speed Teferi, Time Raveler
78%
2021 creature that draws a card, puts a land in play, and gains 3 life. has escape for 4 mana Uro, Titan of Nature's Wrath
78%
2022 when non-humans attack, look at the top 6 cards and choose a human to put into play attacking with indestructible this turn Winota, Joiner of Forces
78%
2024 whenever you gain life, this explores. Amalia Benavides Aguirre
72%
2024 companion who wants low color loyalty Jegantha, The Wellspring
72%
2023 planeswalker that disables opponents artifacts, and grabs cards from the sideboard Karn the Great Creator
72%
2020 legendaries cost less, and if you exile 2 legendaries from your graveyard you can cast a legendary from your graveyard Kethis, the Hidden Hand
72%
2019 tapping non lands for mana gives you an extra mana Leyline of Abundance
61%
2021 untap your lands at your end step Wilderness Reclamation
61%
2019 flicker any permanent you control Felidar Guardian
44%
2023 creature with discover 3 Geological Appraiser
44%
2021 creature that can be sac'd for 1 mana to make target player reveal cards until they reveal a land, and then put everything revealed in their graveyard Undercity Informer
39%
No matching quizzes found
Score Distribution
Percent of People with Each Score
Percentile by Number Answered
Your Score History
You have not taken this quiz since the last reset